<?xml version="1.0" encoding="UTF-8"?>
<collection xmlns="http://www.loc.gov/MARC21/slim">
<record>
  <controlfield tag="001">167501</controlfield>
  <controlfield tag="005">20260121151437.0</controlfield>
  <datafield tag="037" ind1=" " ind2=" ">
    <subfield code="a">TAZ-TFG-2025-246</subfield>
  </datafield>
  <datafield tag="041" ind1=" " ind2=" ">
    <subfield code="a">spa</subfield>
  </datafield>
  <datafield tag="100" ind1="1" ind2=" ">
    <subfield code="a">Tomás Fleta, Ana Isabel</subfield>
  </datafield>
  <datafield tag="242" ind1="0" ind2="0">
    <subfield code="a">Procedural framework of the system of aid and benefits</subfield>
  </datafield>
  <datafield tag="245" ind1="0" ind2="0">
    <subfield code="a">Marco procedimental del sistema de ayudas y prestaciones</subfield>
  </datafield>
  <datafield tag="260" ind1=" " ind2=" ">
    <subfield code="a">Zaragoza</subfield>
    <subfield code="b">Universidad de Zaragoza</subfield>
    <subfield code="c">2025</subfield>
  </datafield>
  <datafield tag="506" ind1=" " ind2=" ">
    <subfield code="a">by-nc-sa</subfield>
    <subfield code="b">Creative Commons</subfield>
    <subfield code="c">3.0</subfield>
    <subfield code="u">http://creativecommons.org/licenses/by-nc-sa/3.0/</subfield>
  </datafield>
  <datafield tag="520" ind1=" " ind2=" ">
    <subfield code="a">En España, las prestaciones en materia de servicios sociales como derechos subjetivos deben configurarse a través de una norma que las reconozca y ampare. La Ley 39/2006 de 14 de diciembre, de Promoción de la Autonomía Personal y Atención a la Dependencia materializa la atención a la Dependencia como un derecho subjetivo y establece un procedimiento administrativo para el reconocimiento de este derecho. Y son las Comunidades Autónomas quienes, en virtud de sus competencias, determinan el procedimiento a seguir, que es muy desigual entre todas ellas. Con el Plan de Choque para la Dependencia 2021-2023 se pretende reformar este procedimiento, simplificando sus fases, y mejorando su eficiencia.&lt;br />En este trabajo se aborda el procedimiento del sistema de ayudas y prestaciones en España, con especial enfoque en la dependencia y la atención a personas en situación de vulnerabilidad. Se discuten los factores determinantes de la dependencia, las referencias constitucionales y la jurisprudencia relevante. Un apartado clave del trabajo es el análisis del Sistema para la Autonomía y Atención a la Dependencia (SAAD), creado a partir de la Ley 39/2006, de 14 de diciembre. Además, se revisa el procedimiento de reconocimiento de la dependencia y el derecho a prestaciones, incluyendo la regulación estatal y la aplicación en la Comunidad Autónoma de Aragón. &lt;br />&lt;br /></subfield>
  </datafield>
  <datafield tag="521" ind1=" " ind2=" ">
    <subfield code="a">Graduado en Relaciones Laborales y Recursos Humanos</subfield>
  </datafield>
  <datafield tag="540" ind1=" " ind2=" ">
    <subfield code="a">Derechos regulados por licencia Creative Commons</subfield>
  </datafield>
  <datafield tag="856" ind1="0" ind2=" ">
    <subfield code="f">188461@unizar.es</subfield>
  </datafield>
  <datafield tag="856" ind1="4" ind2=" ">
    <subfield code="s">508207</subfield>
    <subfield code="u">http://zaguan.unizar.es/record/167501/files/TAZ-TFG-2025-246.pdf</subfield>
    <subfield code="y">Memoria (spa)</subfield>
  </datafield>
  <datafield tag="909" ind1="C" ind2="O">
    <subfield code="o">oai:zaguan.unizar.es:167501</subfield>
    <subfield code="p">driver</subfield>
    <subfield code="p">trabajos-fin-grado</subfield>
  </datafield>
  <datafield tag="950" ind1=" " ind2=" ">
    <subfield code="a"></subfield>
  </datafield>
  <datafield tag="691" ind1=" " ind2=" ">
    <subfield code="a">0</subfield>
  </datafield>
  <datafield tag="692" ind1=" " ind2=" ">
    <subfield code="a"></subfield>
  </datafield>
  <datafield tag="700" ind1=" " ind2=" ">
    <subfield code="a">Palacios Mostacero, María Lourdes</subfield>
    <subfield code="e">dir.</subfield>
  </datafield>
  <datafield tag="710" ind1="2" ind2=" ">
    <subfield code="a">Universidad de Zaragoza</subfield>
    <subfield code="b">Derecho Público</subfield>
    <subfield code="c">Derecho Administrativo</subfield>
  </datafield>
  <datafield tag="980" ind1=" " ind2=" ">
    <subfield code="a">TAZ</subfield>
    <subfield code="b">TFG</subfield>
    <subfield code="c">SOCIZ</subfield>
  </datafield>
  <datafield tag="999" ind1=" " ind2=" ">
    <subfield code="a">20250210114645.CREATION_DATE</subfield>
  </datafield>
  <datafield tag="951" ind1=" " ind2=" ">
    <subfield code="a">deposita:2026-01-21</subfield>
  </datafield>
</record>
</collection>